000 00534nam a2200205Ia 4500
005 20250203054903.0
008 240331s9999 xx 000 0 und d
020 _a0854968695
082 _bBUJ
_24000
_a305.4
245 0 _aMigrant Women:
_bCrossing Boundaries and Changing Identities
260 _aOxford
_bBerg Publishers Limited
_c1993
300 _avii, 206 p., (Volume 7)
650 _aWomen
650 _aGender
650 _aMigration
650 _aEducation
650 _aCulture
700 _aBujis, G
_eedt
942 _cL
999 _c1405
_d1405